Discurso del método
Gespeichert in:
| 1. Verfasser: | |
|---|---|
| Format: | Buch |
| Sprache: | Spanisch |
| Veröffentlicht: |
Madrid
EDAF
1982
|
| Ausgabe: | 1a. ed |
| Schriftenreihe: | Biblioteca EDAF, 22
|
| Schlagworte: | |
| Tags: |
Tag hinzufügen
Keine Tags, Fügen Sie den ersten Tag hinzu!
|
MARC
| LEADER | 00000cam a2200000 a 4500 | ||
|---|---|---|---|
| 001 | UCV8424 | ||
| 003 | CL-VaPUC | ||
| 005 | 20240902144253.0 | ||
| 008 | 910618e19820000SP |||||||||||||||||spa|d | ||
| 999 | |c 213937 |d 213935 | ||
| 020 | |a 8471662698 | ||
| 040 | |c Pontificia Universidad Católica de Valparaíso | ||
| 082 | 0 | 4 | |a 141 |b DES |2 21 |
| 100 | |a Descartes, René |e autor |9 265906 | ||
| 245 | 1 | 0 | |a Discurso del método |
| 250 | |a 1a. ed | ||
| 260 | |a Madrid |b EDAF |c 1982 | ||
| 300 | |a 107 p | ||
| 490 | 0 | |a Biblioteca EDAF, 22 | |
| 583 | |a last modification |c 20160704 12:47:33 |k Rodrigo Vera | ||
| 650 | 0 | |a Teoría del conocimiento |9 255038 | |
| 650 | 0 | |a Filosofía francesa |9 255698 | |
| 942 | |c BK |2 ddc | ||
| 945 | |d 19910618 00:00:00 | ||
| 952 | |0 0 |1 0 |4 0 |6 141_000000000000000_DES_1982 |7 0 |8 A |9 196842 |a BIBARQ |b BIBARQ |d 2019-11-14 |i 2646315 |o 141 DES 1982 |p 2646315 |r 2025-01-20 |w 2019-11-14 |y BK |k ARQ | ||
| 952 | |0 0 |1 0 |3 erb |4 0 |6 141_000000000000000_DES_1982 |7 0 |8 A |9 196843 |a FDOHBE |b FDOHBE |e Huesbe Llanos, Marco Antonio, 1934- |i 5332303 |o 141 DES 1982 |p 5332303 |r 2024-01-30 |w 2019-11-14 |y BK |z Catalogado en:20160708 |k HBE | ||